000 00151nam a22000857a 4500
001 1301005
005 20260424083157.0
245 _aaa
_caaa
260 _baa
999 _c1301005
_d1301005